Score 0/20 Timer 02:00
1 Play Today
Scramble Unscrambled Words % Correct
HTNGIThing
90.3%
RNGWOWrong
89.6%
AIOLVViola
89.4%
ITQUEQuiet
88.2%
ITQUEQuite
87.5%
RCMHACharm
80.3%
RCMHAMarch
77.4%
LRDOODrool
77.3%
FIFTSStiff
76.7%
ROCHEChore
76.3%
Scramble Unscrambled Words % Correct
BARZEBraze
66.7%
ALLYOAlloy
66.5%
RNGWOGrown
64.5%
FIFTSTiffs
61.6%
BARZEZebra
58.2%
ALLYOLoyal
52.3%
HTNGINight
52.1%
AIOLVVoila
29.2%
ROCHEOcher/Ochre
25.6%
LRDOODolor
21.4%
Remove Ads.
Support Sporcle.
Get the best of Sporcle when you Go Orange. This ad-free experience offers more features, more stats, and more fun while also helping to support Sporcle. Thank you for becoming a member.

You're not logged in!

Compare scores with friends on all Sporcle quizzes.
OR
Log In

Show Comments

Extras

Top Quizzes Today


Score Distribution

Your Account Isn't Verified!

In order to create a playlist on Sporcle, you need to verify the email address you used during registration. Go to your Sporcle Settings to finish the process.

Report this User

Report this user for behavior that violates our Community Guidelines.

Details: